Introducción al estudio de la filosofía y de sus problemas /
Estudio que aborda tres cuestiones básicas de la filosofía: el problema fundamental de la filosofía, el problema del conocimiento y la relación que guarda con las ciencias, la religión, el arte y la vida.
Guardat en:
| Autor principal: | |
|---|---|
| Format: | Llibre |
| Idioma: | espanyol |
| Publicat: |
Puebla, México :
Benemérita Universidad Autónoma de Puebla,
1984
|
| Matèries: | |
| Etiquetes: |
Sense etiquetes, Sigues el primer a etiquetar aquest registre!
|
MARC
| LEADER | 00000nam^a2200000^a^4500 | ||
|---|---|---|---|
| 001 | 000019045 | ||
| 005 | 20250521000000.0 | ||
| 009 | 20260310084242.565 | ||
| 037 | |a Acervo ITESO - Biblioteca | ||
| 041 | |a ESP | ||
| 082 | |a 101. |b ALT | ||
| 100 | |a Altieri Megale, Angelo |e (autor) | ||
| 245 | 1 | 0 | |a Introducción al estudio de la filosofía y de sus problemas / |c A. Altieri Megale. |
| 264 | 1 | |a Puebla, México : |b Benemérita Universidad Autónoma de Puebla, |c 1984 | |
| 300 | |a 153 p. | ||
| 336 | |a texto |b txt |2 rdacontenido | ||
| 337 | |a sin mediación |b n |2 rdamedio | ||
| 338 | |a volumen |b nc |2 rdasoporte | ||
| 520 | |a Estudio que aborda tres cuestiones básicas de la filosofía: el problema fundamental de la filosofía, el problema del conocimiento y la relación que guarda con las ciencias, la religión, el arte y la vida. | ||
| 649 | |a XX | ||
| 650 | |a Epistemología | ||
| 650 | |a Filosofía de la Naturaleza | ||
| 650 | |a Filosofía y Religión | ||
| 650 | |a Filosofía - |x Teoría - |x Tema Principal | ||
| 910 | |a Fondo General | ||
| 920 | |a Impresos - Libros | ||
| 930 | |a Colección General | ||
| 905 | |a 101 | ||
| 901 | |a 0190450100 |b IT1 |c ACC |i 019045 |u 20250521 | ||
| 902 | |a https://opac.biblio.iteso.mx/vufind/Record/000019045 | ||